000 00441nam a2200145 i 4500
001 94813
003 ES-MaACL
007 t|
008 050516s1908 it ||||1| ita d
100 1 _aLuca, Francesco de.
_974507
245 1 0 _aCompendio delle lezioni di diritto amministrativo /
_cdel prof. Francesco de Luca.
260 _a[s.l. :
_bs.n.],
_c1908 (
_fTip. Gazz. Diritto e Giur)
300 _a304 p. ;
_c22 cm.
852 _aES-MaACL
_jB-5649
999 _c94813
_d94813